000 00562nam a2200181 i 4500
001 20295
003 ES-MaACL
005 20230906152255.0
007 t|
008 021111s1966 sp ||||1| spa d
100 1 _aAguirre Díaz, Manuel.
_918870
245 1 0 _aTablas hematológicas /
_cManuel Aguirre Díaz y Jesús A. Expósito Fernández.
250 _a[1ª ed.].
260 _aOviedo :
_b[s.n.,
_c1966] (
_fImp. Nora)
300 _a4 h., 1 h. pleg. ;
_c21 cm.
700 1 _aExpósito Fernández, Jesús A.
_948429
852 _aES-MaACL
_j2046-F-15
_bR.59603
999 _c20295
_d20295